000 00588nam a2200217Ia 4500
005 20260115172551.0
008 008 260114s9999 xx 000 0 eng d
020 _a9781139001663
037 _aEBOOK
040 _aCRL
_beng
_cCRL
041 _aeng
_2eng
084 _qCRL
100 _aHankins
_9876190
245 4 _aThe Cambridge Companion to Renaissance Philosophy
260 _bCambridge University Press
260 _bCambridge University Press
260 _c2007
856 _uhttps://doi.org/10.1017/CCOL052184648X
942 _cEBOOK
999 _c1474789
_d1474789